000 01969nam0a2200505 4500
001 RU\NLR\bibl\1850747
005 20250616175346.0
010 _a978-5-91940-165-0
_9500
021 _aRU
_b2011-94951
_96810
035 _a(nilc)LIBNET\0000188393
035 _a2VIL\RUSMED\0000200168
035 _a(NLR Aleph) 001840694
090 _a2268113
_c2268113
100 _a20111201d2011 |||y0rusy50 ca
101 0 _arus
102 _aRU
105 _ay z |||||
200 1 _aСовременные аспекты социальной медицины и медицинского права
_fРиффель А. В.
210 _aМосква
_cПеро
_d2011
215 _a178 с.
_d21
300 _aНа 4-й с. обл. авт.: Риффель А.В. - чл.-корр. РАЕН, к.м.н.
320 _aБиблиогр.: с. 165-178 (117 назв.) и в подстроч. примеч.
606 1 _aСОЦИАЛЬНАЯ МЕДИЦИНА
_2rus_mesh
_3R13136
606 1 _aSOCIAL MEDICINE
_2rus_mesh
_3E13136
606 1 _aМЕДИЦИНСКОЕ ЗАКОНОДАТЕЛЬСТВО
_2rus_mesh
_3R8032
606 1 _aLEGISLATION, MEDICAL
_2rus_mesh
_3E8032
606 1 _aВрачебная этика
_91184181
_3RU\NLR\auth\66159294
606 1 _aМедицина
_xПравовое регулирование
_yРоссийская Федерация
_92244310
_3RU\NLR\auth\661346513
686 _a76.75.29
_2rugasnti
686 _a76.01.80
_2rugasnti
686 _aH02.403.800
_v2011
_2MESH
686 _aN03.706.615.473
_v2011
_2MESH
686 _aР11(2)п913
686 _aЮ705.4
686 _aХ621.154
700 1 _aРиффель
_bА. В.
_gАлексей Владимирович
_4070
801 0 _aRU
_bЦНМБ
_c20111201
_gPSBO
801 1 _aRU
_bЦНМБ
_c20111201
801 2 _aRU
_bЦНМБ
_c20111209
801 2 _aRU
_bNLR
_c20111220
_grcr
830 _aавт. по кн.
942 _cBOOK
980 _aNB
980 _aNBR